Lack of viable land (Record no. 72461)

MARC details
000 -LEADER
fixed length control field 00944cam a2200193 4500
001 - CONTROL NUMBER
control field WB3914-08
008 - FIXED-LENGTH DATA ELEMENTS--GENERAL INFORMATION
fixed length control field 030408n2003 000 0 eng u
035 ## - SYSTEM CONTROL NUMBER
System control number (Sirsi) u121926
245 ## - TITLE STATEMENT
Title Lack of viable land
260 ## - PUBLICATION, DISTRIBUTION, ETC.
Date of publication, distribution, etc. 2003
490 ## - SERIES STATEMENT
Series statement Regeneration and Renewal
Volume/sequential designation 4 April 2003, 11(1)
520 ## - SUMMARY, ETC.
Summary, etc. According to research by FPDSavills, land with planning permission held by developers dropped by nearly a third between 1999 and 2000. The "UK land and development research bulletin" predicts there is just 2.5 years of land supply, even with the current low rate of housebuilding. Research bulletin includes land values and is available at www.fpdsavills.co.uk/research.asp?content=%5Cuber%5Fresearch%5C3111%2Ehtm&subcategory=none&contenttype=research&category=.
590 ## - LOCAL NOTE (RLIN)
Local note WB
650 ## - SUBJECT ADDED ENTRY--TOPICAL TERM
Topical term or geographic name entry element LAND SUPPLY
650 ## - SUBJECT ADDED ENTRY--TOPICAL TERM
Topical term or geographic name entry element HOUSE BUILDING
650 ## - SUBJECT ADDED ENTRY--TOPICAL TERM
Topical term or geographic name entry element RESIDENTIAL BUILDING LAND
690 ## - LOCAL SUBJECT ADDED ENTRY--TOPICAL TERM (OCLC, RLIN)
Topical term or geographic name as entry element PROPERTY-PROPERTY DEVELOPMENT
942 ## - ADDED ENTRY ELEMENTS (KOHA)
Suppress in OPAC 0
Holdings
Withdrawn status Lost status Source of classification or shelving scheme Damaged status Not for loan Home library Current library Shelving location Date acquired Total Checkouts Full call number Barcode Date last seen Copy number Price effective from Koha item type
    Dewey Decimal Classification     London London News article 08/04/2003   WB3914-08 121926-1001 06/08/2019 1 06/08/2019 News article